| 000 | 00000nam 2200000zi 4500 |
| 001 | 9.907167 |
| 003 | CaOODSP |
| 005 | 20221107181321 |
| 006 | m o d f |
| 007 | cr |n||||||||| |
| 008 | 220124s1990 onc ob f000 0 eng d |
| 040 | |aCaOODSP|beng|erda|cCaOODSP |
| 043 | |an-cn-on |
| 086 | 1 |aNH15-885/1990E-PDF |
| 100 | 1 |aGnaedinger, Nancy, |eauthor. |
| 245 | 10|aHousing Help/Aide Logement : |ba case study / |cfor Fanis Grammenos, Research Division; by Nancy Gnaedinger. |
| 264 | 1|aOttawa : |bResearch Division, Canada Mortgage and Housing Corporation, |c1990. |
| 300 | |a1 online resource (v, 41 pages, 40 unnumbered pages) |
| 336 | |atext|btxt|2rdacontent |
| 337 | |acomputer|bc|2rdamedia |
| 338 | |aonline resource|bcr|2rdacarrier |
| 500 | |aDigitized edition from print [produced by Canada Mortgage and Housing Corporation]. |
| 500 | |a"October 10, 1990." |
| 504 | |aIncludes bibliographical references. |
| 520 | |a"Housing Help/Aide Logement is a storefront service operating in the poorest ward of Ottawa, and serving the Regional Municipality of Ottawa-Carleton. It provides information, referral and direct assistance to people who have trouble finding affordable housing, or to people who require information about their rights and obligations as tenants and landlords"--Executive summary. |
| 610 | 20|aHousing Help/Aide Logement. |
| 650 | 0|aHomelessness|zOntario|zOttawa. |
| 650 | 0|aHousing|zOntario|zOttawa. |
| 650 | 6|aItinérance|zOntario|zOttawa. |
| 650 | 6|aLogement|zOntario|zOttawa. |
| 710 | 2 |aCanada Mortgage and Housing Corporation. |bResearch Division, |eissuing body. |
| 856 | 40|qPDF|s3.95 MB|uhttps://publications.gc.ca/collections/collection_2022/schl-cmhc/NH15-885-1990-eng.pdf |